El arca y yo / (Registro nro. 4111)

Detalles MARC
000 -LEADER
fixed length control field 01595nam a2200301Ia 4500
003 - CONTROL NUMBER IDENTIFIER
control field OSt
005 - DATE AND TIME OF LATEST TRANSACTION
control field 20250710103913.0
008 - FIXED-LENGTH DATA ELEMENTS--GENERAL INFORMATION
fixed length control field 191128s2004 sp a br 000 f spa d
020 ## - INTERNATIONAL STANDARD BOOK NUMBER
International Standard Book Number 9788466744386
040 ## - CATALOGING SOURCE
Original cataloging agency CO-JMCR
Transcribing agency CO-JMCR
041 0# - LANGUAGE CODE
Language code of text/sound track or separate title spa
082 04 - DEWEY DECIMAL CLASSIFICATION NUMBER
Classification number J-N
Edition number MUÑa
100 1# - MAIN ENTRY--PERSONAL NAME
Personal name Muñoz Puelles, Vicente,
Relator term autor
9 (RLIN) 1226
245 13 - TITLE STATEMENT
Title El arca y yo /
Statement of responsibility, etc. Vicente Muñoz Puelles ; ilustraciones de Elena Odriozola
250 ## - EDITION STATEMENT
Edition statement Primera edición
260 ## - PUBLICATION, DISTRIBUTION, ETC.
Place of publication, distribution, etc. Madrid :
Name of publisher, distributor, etc. Anaya,
Date of publication, distribution, etc. 2004
300 ## - PHYSICAL DESCRIPTION
Extent 148 páginas :
Other physical details ilustraciones a color ;
Dimensions 20 cm
490 0# - SERIES STATEMENT
Series statement Sopa de libros ;
Volume/sequential designation 100
505 0# - FORMATTED CONTENTS NOTE
Formatted contents note ¡Otra vez tarde! -- La historia más hermosa del mundo -- Los leones del Rey -- La construcción del arca -- El zoo de Jafet -- El diluvio -- El ancho mar -- La vuelta a Uruk
520 ## - SUMMARY, ETC.
Summary, etc. "Llamadme Jafet. Tengo nueve años y voy a contaros la historia más asombrosa del mundo…". Jafet, el hijo menor de Noé, está destinado a ser escriba. Pero eso tendrá que esperar, pues queda poco tiempo y tiene que viajar con sus hermanos para encontrar a una pareja de cada una de las especies de animales del mundo, almacenar alimentos y construir un arca gigantesca, ¡y todo en cuarenta días, antes de la gran inundación!
521 ## - TARGET AUDIENCE NOTE
Target audience note Recomendado a partir de 8 años.
Source Tapa posterior
586 ## - AWARDS NOTE
Awards note I Premio Anaya de Literatura Infantil y Juvenil 2004
650 14 - SUBJECT ADDED ENTRY--TOPICAL TERM
Topical term or geographic name entry element Novela infantil
9 (RLIN) 1227
650 14 - SUBJECT ADDED ENTRY--TOPICAL TERM
Topical term or geographic name entry element Animales en la literatura
9 (RLIN) 633
650 24 - SUBJECT ADDED ENTRY--TOPICAL TERM
Topical term or geographic name entry element Biblia en la literatura
General subdivision literatura infantil
9 (RLIN) 1228
700 1# - ADDED ENTRY--PERSONAL NAME
Personal name Odriozola, Elena,
Relator term ilustradora
9 (RLIN) 1229
942 ## - ADDED ENTRY ELEMENTS (KOHA)
Source of classification or shelving scheme Dewey Decimal Classification
Koha item type Books
Existencias
Withdrawn status Lost status Source of classification or shelving scheme Damaged status Not for loan Collection code Home library Current library Date acquired Source of acquisition Cost, normal purchase price Total Checkouts Full call number Barcode Date last seen Date last checked out Copy number Price effective from Koha item type
    Dewey Decimal Classification     Fiction Biblioteca Pública José María del Castillo y Rada Biblioteca Pública José María del Castillo y Rada 08/21/2018 Donación 0.00 1 J-N MUÑa 201808914 03/14/2022 03/14/2022 Ej.1 11/28/2019 Books